| 000 | 01464aam a2200325 i 4500 | ||
|---|---|---|---|
| 999 |
_c46315 _d46315 |
||
| 001 | 768714001 | ||
| 003 | CO-MdFUSB | ||
| 005 | 20201105140450.0 | ||
| 007 | ta | ||
| 008 | 200523t1952 enka|||| |||| 00| 0 eng d | ||
| 020 | _a[No incluye ISBN] | ||
| 040 |
_bspa. _aCO-MdFUSB _cCO-MdFUSB _dCO-MdFUSBC _erda |
||
| 041 | _aeng | ||
| 082 |
_223 _a221.046 _bF939 |
||
| 100 | 1 |
_aFrost, Stanley Brice _eautor |
|
| 245 | 1 | 0 |
_aOld Testament apocalyptic : _bIts origins and growth _c/ Stanley Brice Frost |
| 264 | 1 |
_aLondres : _bThe epworth Press, _c[1952] |
|
| 264 | 4 | _c© 1952 | |
| 300 |
_axiii, 270 páginas _c; 22 cm |
||
| 336 |
_atexto _btxt _2rdacontent |
||
| 337 |
_2rdamedia _asin mediación _bn |
||
| 338 |
_2rdacarrier _avolumen _bnc |
||
| 490 | _aFernley-Hartley lecture, | ||
| 505 | _aConsideraciones generales - Las características formales - El contenido de apocalíptica - Escatología y el mito - escatología preexílicos - mesianismo - Excursus - La influencia de culturas extranjeras - Apocalíptico anónimo - Ezequiel - Zacarías - Joel - Extra-Isaías - Deutero-Zacarías - Apocalíptico seudónimo - Pseudo-Isaías - Enoch, Libros uno y cuatro - Daniel - ¿ Enoch, libros cinco y dos -Conclusiones - Retrospectiva - La contribución distintiva. | ||
| 563 | _aPasta dura | ||
| 630 | 7 |
_aBiblia. _pAntiguo Testamento _vLiteratura apocaliptica. _xCrítica, interpretación, etc. |
|
| 942 | _cBK | ||
| 945 | _aJTF-925 | ||